000 00909cab a2200265 4500
001 WB3301-35
008 090401t1996 xxu||||| |||| 00| 0 eng d
035 _a(Sirsi) u12975
041 _aeng
245 _aRates for fibre optic cables
260 _c1996
350 _a0
490 _aEstates and Wayleaves Committee Press Release
_v20 December 1996 (1)
520 _aNew terms for the installation and use of fibre optic telecommunications cables on overhead lines in England and Wales have been agreed between those electricity companies with commercial telecommunications business and farmers organisations.
650 _aCLA
650 _aEASEMENTS
650 _aELECTRICITY COMPANIES
650 _aFIBRE OPTIC CABLES
650 _aINSTALLATION TERMS
650 _aNFU
650 _aOVERHEAD LINES
690 _aHIGHWAYS RIGHTS OF WAY AND EASEMENTS
942 _n0
948 _c04/03/1997
999 _c8336
_d8336